| 000 | 01127cam a2200289 i 4500 | ||
|---|---|---|---|
| 003 | SA-RiAUC | ||
| 005 | 20241003142611.0 | ||
| 008 | 240928s2000 su g 00000dara c | ||
| 040 |
_aSA-RiAUC _bara _cSA-RiAUC _erda |
||
| 043 | _aa-su--- | ||
| 082 | 0 | 4 |
_a810.99 _qSA-RiAUC |
| 082 | 0 | 4 | _a810.9531 |
| 090 |
_a810.9531 _bد و س |
||
| 100 | 1 |
_aالدوسري، فهد مسفر فهد، _d1362 هجري- _eمؤلف. |
|
| 245 | 1 | 2 |
_aالاتصال الفكري في كتاب الأدباء السعوديين / _cفهد مسفر فهد الدوسري. |
| 250 | _aالطبعة الأولى. | ||
| 264 | 1 |
_aمكة المكرمة : _bنادي مكة الثقافي الأدبي، _c2000 |
|
| 300 |
_a128 صفحة ؛ _c24 سم |
||
| 336 |
_aنص _btxt _2rdacontent _3كتاب |
||
| 337 |
_aبدون وسيط _bn _2rdamedia |
||
| 338 |
_aمجلد _bnc _2rdacarrier |
||
| 490 |
_3مطبوعات نادي مكة الثقافي الأدبي _a109 |
||
| 650 | 7 |
_aالأدب العربي _zالسعودية _2aucsh |
|
| 740 | 2 | _aالأدباء السعوديين. | |
| 942 |
_2ddc _cBOOK _n0 |
||
| 949 |
_aSA-JeALM _d240928 _umohamedma123 _n1 |
||
| 999 |
_c846 _d846 |
||